| 000 | 00415nam a2200145 a 4500 | ||
|---|---|---|---|
| 001 | 000030670 | ||
| 005 | 20200930062437.0 | ||
| 008 | 110525s1935 dr d 000 | spa d | ||
| 040 |
_aDO-SdBNP _bspa _cBNPHU |
||
| 082 |
_axxx _bV726a |
||
| 245 | 0 | 0 |
_aVillas Agrícolas : _binforme sintético. |
| 260 |
_aSanto Domingo : _bImprenta de J. R. Vda. García, _c1935. |
||
| 300 |
_a16 p. : _bdiagr. ; _c16 cm. |
||
| 049 | _aBNPD | ||
| 999 |
_c30162 _d30162 |
||